|
|
|
|
| LEADER |
00918nab a2200253 i 4500 |
| 001 |
misc65039 |
| 005 |
20240910133124.0 |
| 008 |
240220s1957 hu o 000 ger d |
| 040 |
|
|
|a SZTE Miscellanea Repozitórium
|b hun
|
| 041 |
|
|
|a ger
|
| 100 |
1 |
|
|a Tietze Andreas
|
| 245 |
1 |
0 |
|a Zeynep Korkmaz, Selahattin Olcay, Fuzulî'nin dili hakkında notlar. Ankara, 1956
|h [elektronikus dokumentum] :
|b [Buchbesprechung] /
|c Tietze Andreas
|
| 260 |
|
|
|a Brill
|b Leiden
|c 1957
|
| 300 |
|
|
|a 307
|c 25 cm
|
| 300 |
|
|
|a [1] p.
|c 25 cm
|
| 490 |
0 |
|
|a Oriens
|
| 561 |
|
|
|a Németh Gyula hagyaték
|
| 591 |
|
|
|a NOA 6076
|
| 650 |
|
4 |
|a Bölcsészettudományok
|
| 650 |
|
4 |
|a Nyelvek és irodalom
|
| 695 |
|
|
|a Török nyelvtörténet - 16. sz. - könyvismertetés, Török nyelv - könyvismertetés
|
| 700 |
0 |
1 |
|a Korkmaz Zeynep
|
| 700 |
0 |
1 |
|a Olcay Selahattin
|
| 856 |
4 |
0 |
|u http://misc.bibl.u-szeged.hu/65039/1/6076_noa_11.pdf
|z Dokumentum-elérés
|